000 00616nam a2200193Ia 4500
008 131103s9999 xx 000 0 und d
040 _aLoreto College
041 _aEnglish
082 _a371.9/HAR
_bLCLIB/22496
245 _aMethods in special education
_cedited by Morris G.Haring & Richard I.Schiefel Busen
260 _aNew York
_bMcGraw - Hill Book Company
_c1967
300 _avi,430 p.
_c 12 cm.
440 _aPsychology and human development in education
504 _aIncludes references and index
650 _aSpecial Education
700 _aHaring,Morris,G.,ed.
850 _aLCLIB
942 _cBK
999 _c10442
_d60921